[Event "Cesenatico op 21st"]
[White "Schacher, Gerd"]
[Black "Beccarini, Giacomo"]
[Site "Cesenatico"]
[Round "1"]
[Result "0-1"]
[Date "2017.09.02"]
[WhiteElo "2332"]
[BlackElo "2007"]
[PlyCount "50"]
[EventDate "2017.09.02"]
[EventType "swiss"]
[EventRounds "9"]
[EventCountry "ITA"]
[SourceTitle "CBM 180 Extra"]
[Source "ChessBase"]
[SourceDate "2017.10.06"]
[SourceVersion "1"]
[SourceVersionDate "2017.10.06"]
[SourceQuality "1"]

1. Nf3 d5 2. g3 Nf6 3. Bg2 c5 4. c4 e6 5. 0-0 Be7 6. cxd5 Nxd5 7. Nc3 0-0 8. Nxd5 exd5 9. d4 c4 10. b3 cxb3 11. Qxb3 b6 12. Ne5 Bb7 13. Bf4 Bf6 14. Rfd1 g5 15. Be3 Re8 16. Rac1 Qd6 17. Qc2 Na6 18. Ng4 Qe6 19. Nxf6+ Qxf6 20. Bh3 h6 21. Qa4 Qd6 22. Bd7 Red8 23. Bc6 Bxc6 24. Rxc6 Qd7 25. Rdc1 Nb8 0-1

[Event "Mare di Fano op 6th"]
[White "Beccarini, Giacomo"]
[Black "Ivanov, Mike"]
[Site "Fano"]
[Round "2"]
[Result "0-1"]
[Date "2017.07.30"]
[WhiteElo "1956"]
[BlackElo "2286"]
[PlyCount "64"]
[EventDate "2017.07.29"]
[EventType "swiss"]
[EventRounds "9"]
[EventCountry "ITA"]
[SourceTitle "EXT 2018"]
[Source "ChessBase"]
[SourceDate "2017.10.13"]
[SourceVersion "1"]
[SourceVersionDate "2017.10.13"]
[SourceQuality "1"]

1. d4 Nf6 2. c4 c5 3. d5 e6 4. Nc3 exd5 5. cxd5 d6 6. e4 g6 7. f4 Bg7 8. Bb5+ Nfd7 9. a4 Qh4+ 10. g3 Qe7 11. Qe2 0-0 12. Nf3 Na6 13. 0-0 Nb4 14. Be3 Nf6 15. Bf2 Bg4 16. Rad1 a6 17. Bd3 Rfe8 18. Rfe1 Rad8 19. Kg2 Qd7 20. Qd2 Bxf3+ 21. Kxf3 Qh3 22. Bg1 Nxd3 23. Qxd3 Ng4 24. Rd2 f5 25. Rde2 Rf8 26. exf5 Rxf5 27. Re8+ Rxe8 28. Rxe8+ Kf7 29. Re1 Ne5+ 30. Rxe5 Bxe5 31. Ne2 Qf1+ 32. Bf2 Bd4 0-1

[Event "Olbia CIG U16 24th"]
[White "Arbore, Daniele"]
[Black "Beccarini, Giacomo"]
[Site "Olbia"]
[Round "9"]
[Result "1-0"]
[Date "2016.07.02"]
[WhiteElo "1934"]
[BlackElo "1780"]
[PlyCount "63"]
[EventDate "2016.06.26"]
[EventType "swiss"]
[EventRounds "9"]
[EventCountry "ITA"]
[SourceTitle "EXT 2024"]
[Source "ChessBase"]
[SourceDate "2023.10.10"]
[SourceVersion "1"]
[SourceVersionDate "2023.10.10"]
[SourceQuality "1"]

1. e4 c5 2. Nf3 d6 3. d4 cxd4 4. Nxd4 Nf6 5. Nc3 a6 6. Be2 e5 7. Nb3 Be6 8. 0-0 Be7 9. Be3 0-0 10. f4 Qc7 11. f5 Bc4 12. g4 Rd8 13. g5 Ne8 14. Bxc4 Qxc4 15. Nd2 Qc6 16. Nd5 Bf8 17. Qh5 Nd7 18. g6 Nef6 19. gxh7+ Nxh7 20. c4 Ndf6 21. Qh4 Nxd5 22. exd5 Qc7 23. Ne4 Be7 24. f6 Nxf6 25. Nxf6+ Bxf6 26. Rxf6 gxf6 27. Bh6 Kh7 28. Bg5+ Kg6 29. Qh6+ Kf5 30. Qxf6+ Ke4 31. Re1+ Kd4 32. Qf2+ 1-0

[Event "Olbia CIG U16 24th"]
[White "Scarsella, Lorenzo Luigi"]
[Black "Beccarini, Giacomo"]
[Site "Olbia"]
[Round "4"]
[Result "1/2-1/2"]
[Date "2016.06.28"]
[WhiteElo "2075"]
[BlackElo "1780"]
[PlyCount "112"]
[EventDate "2016.06.26"]
[EventType "swiss"]
[EventRounds "9"]
[EventCountry "ITA"]
[SourceTitle "EXT 2024"]
[Source "ChessBase"]
[SourceDate "2023.10.10"]
[SourceVersion "1"]
[SourceVersionDate "2023.10.10"]
[SourceQuality "1"]

1. d4 d5 2. c4 e6 3. Nc3 Be7 4. Nf3 Nf6 5. Bf4 0-0 6. e3 c5 7. dxc5 Bxc5 8. Qb3 dxc4 9. Bxc4 Nc6 10. Rd1 Qe7 11. Qc2 a6 12. a3 b5 13. Bd3 Bb7 14. b4 Bb6 15. Bd6 Qe8 16. Bxf8 Qxf8 17. 0-0 Rc8 18. Qb3 Ne7 19. e4 Ng6 20. Rfe1 Ng4 21. Rd2 Nf4 22. Bf1 Qe7 23. h3 Nf6 24. g3 N4h5 25. Kh2 Qc7 26. Nd1 Nxe4 27. Rxe4 Bxe4 28. Bg2 Bc2 29. Qb2 Bxd1 30. Rxd1 Qc2 31. Rd2 Qxb2 32. Rxb2 Rc3 33. Rd2 Rxa3 34. Rd6 Bc7 35. Rc6 Bxg3+ 36. fxg3 g6 37. Ne5 Rxg3 38. Rxa6 Rb3 39. Nc6 Nf4 40. Bf1 Nd5 41. Ra5 Rb1 42. Bd3 Rb2+ 43. Kg1 Nxb4 44. Nxb4 Rxb4 45. Bxb5 Kg7 46. Be2 h6 47. Kf2 f5 48. Ra7+ Kf6 49. Rh7 h5 50. Ra7 e5 51. Ra6+ Kg5 52. Re6 e4 53. h4+ Kxh4 54. Rxg6 f4 55. Rg2 f3 56. Bxf3 exf3 1/2-1/2

[Event "Porto Sant Elpidio op 17th"]
[White "Beccarini, Giacomo"]
[Black "Vannicola, Roberto"]
[Site "Porto Sant Elpidio"]
[Round "5"]
[Result "1/2-1/2"]
[Date "2014.11.30"]
[WhiteElo "1516"]
[BlackElo "1560"]
[PlyCount "33"]
[EventDate "2014.11.22"]
[EventType "swiss"]
[EventRounds "6"]
[EventCountry "ITA"]
[SourceTitle "EXT 2017"]
[Source "ChessBase"]
[SourceDate "2016.10.25"]
[SourceVersion "1"]
[SourceVersionDate "2016.10.25"]
[SourceQuality "1"]

1. e4 c6 2. d4 d5 3. exd5 cxd5 4. c4 Nf6 5. Nf3 Bg4 6. Qb3 Bxf3 7. Qxb7 dxc4 8. Qxf3 Nbd7 9. Bxc4 e6 10. 0-0 Be7 11. Be3 0-0 12. Nd2 Nb6 13. Rac1 Nfd5 14. Bxd5 Nxd5 15. Ne4 Qb6 16. Qe2 Rab8 17. Rb1 1/2-1/2

[Event "Porto Sant Elpidio op 17th"]
[White "Beccarini, Giacomo"]
[Black "Skrijely, Edin"]
[Site "Porto Sant Elpidio"]
[Round "2"]
[Result "0-1"]
[Date "2014.11.23"]
[WhiteElo "1516"]
[BlackElo "1673"]
[PlyCount "62"]
[EventDate "2014.11.22"]
[EventType "swiss"]
[EventRounds "6"]
[EventCountry "ITA"]
[SourceTitle "EXT 2017"]
[Source "ChessBase"]
[SourceDate "2016.10.25"]
[SourceVersion "1"]
[SourceVersionDate "2016.10.25"]
[SourceQuality "1"]

1. e4 Nc6 2. d4 d5 3. e5 Bf5 4. Bb5 e6 5. Nf3 Nge7 6. 0-0 a6 7. Ba4 b5 8. Bb3 Na5 9. Bd2 Nc4 10. Bxc4 dxc4 11. a4 Nd5 12. c3 b4 13. b3 Bxb1 14. Rxb1 Nxc3 15. Bxc3 bxc3 16. bxc4 Ba3 17. Qb3 Bb2 18. Rfd1 Rb8 19. Qc2 0-0 20. d5 Qe7 21. d6 cxd6 22. exd6 Qf6 23. Rd4 Rfd8 24. Rh4 Qg6 25. Qxg6 hxg6 26. Ne1 Rxd6 27. Rh3 Rdb6 28. Nc2 Ba1 29. Rxa1 Rb1+ 30. Ne1 Rxa1 31. Re3 c2 0-1